000
00321nam a2200121 i 4500
001
bg
245
0
_a
Konferencja naukowa jednostek jednoimiennych technologii i organizacji budownictwa.TiOB'89.
260
_a
Lublin,
_c
1989.
040
_c
BPK
041
_a
pol
942
_c
KS
008
s pl f |000 0 pol
999
_c
29152
_d
29152